Contemporary management / (Record no. 3856)
[ view plain ]
| 000 -LEADER | |
|---|---|
| fixed length control field | 01428nac a22002771u 4500 |
| 010 ## - LIBRARY OF CONGRESS CONTROL NUMBER | |
| LC control number | 010032739 |
| 020 ## - INTERNATIONAL STANDARD BOOK NUMBER | |
| International Standard Book Number | 0071151214 |
| 022 ## - INTERNATIONAL STANDARD SERIAL NUMBER | |
| International Standard Serial Number | 0072469447 |
| 082 ## - DEWEY DECIMAL CLASSIFICATION NUMBER | |
| Classification number | 658 |
| Item number | J7101 |
| 090 ## - LOCALLY ASSIGNED LC-TYPE CALL NUMBER (OCLC); LOCAL CALL NUMBER (OCLC) | |
| -- | 3856 |
| -- | 3856 |
| 100 ## - MAIN ENTRY--PERSONAL NAME | |
| Personal name | Jones, Gareth R. |
| 245 ## - TITLE STATEMENT | |
| Title | Contemporary management / |
| Statement of responsibility, etc | Gareth R. Jones, Jennifer M. George. |
| 260 ## - PUBLICATION, DISTRIBUTION, ETC. (IMPRINT) | |
| Place of publication, distribution, etc | Boston ; |
| Name of publisher, distributor, etc | London : McGraw-Hill/Irwin, 2003. |
| Date of publication, distribution, etc | c2003. |
| 300 ## - PHYSICAL DESCRIPTION | |
| Extent | xxix, 732 p. : |
| Other physical details | col. ill., ports. (some col.) ; |
| Dimensions | 26 cm. |
| 500 ## - GENERAL NOTE | |
| General note | Previous international ed.: / Gareth R. Jones, Jennifer M. George, Charles W.L. Hill. 2000?. |
| 504 ## - BIBLIOGRAPHY, ETC. NOTE | |
| Bibliography, etc | Includes index. |
| 650 ## - SUBJECT ADDED ENTRY--TOPICAL TERM | |
| Topical term or geographic name as entry element | Management. |
| 700 ## - ADDED ENTRY--PERSONAL NAME | |
| Personal name | George, Jennifer M. |
| 942 ## - ADDED ENTRY ELEMENTS (KOHA) | |
| Item type | Book - Borrowing |
| Call number prefix | 658J7101 |
| Withdrawn status | Item status | Source of classification or shelving scheme | Damaged status | Not for loan | Home library | Current library | Shelving location | Date acquired | Source of acquisition | Total Checkouts | Full call number | Barcode | Date last seen | Koha item type | Vendor | Date last borrowed | Materials specified (bound volume or other part) | Total Renewals |
|---|---|---|---|---|---|---|---|---|---|---|---|---|---|---|---|---|---|---|
| Dewey Decimal Classification | Central Library | Central Library | First floor | 07/07/2007 | Purchase | 658 JON | 000030419 | 15/07/2025 | Book - Borrowing | |||||||||
| Dewey Decimal Classification | Central Library | Central Library | First floor | 07/07/2011 | 658 JON | 000000253 | 15/07/2025 | Book - Borrowing | ||||||||||
| Dewey Decimal Classification | Central Library | Central Library | First floor | 07/07/2011 | 1 | 658 JON | 000010602 | 15/07/2025 | Book - Borrowing | 04/12/2011 | ||||||||
| Dewey Decimal Classification | Central Library | Central Library | First floor | 07/07/2011 | 658 JON | 000010771 | 24/08/2022 | CD | DVD - With book | ||||||||||
| Lost | Dewey Decimal Classification | Central Library | Central Library | First floor | 07/07/2011 | 1 | 658 JON | 000007525 | 28/11/2017 | CD | DVD - With book | 13/02/2014 | Lost In Inventory_2015-8-23 | 2 | |||||
| Dewey Decimal Classification | Central Library | Central Library | First floor | 07/07/2011 | 658 JON | 000006911 | 24/08/2022 | CD | DVD - With book |